000
00376nam a2200133Ia 4500
008
191206s9999 xx 000 0 und d
020
_a
312120311
090
_a
DA260.R535
245
0
_a
Richard III: a medieval kingship
260
_a
St. Martin's Press
260
_c
c1993
300
_a
"154 p., [12] p. of plates : ill., maps ; 24 cm."
999
_c
16819
_d
16819